<?xml version="1.0" encoding="UTF-8"?>
<record
    xmlns:xsi="http://www.w3.org/2001/XMLSchema-instance"
    xsi:schemaLocation="http://www.loc.gov/MARC21/slim http://www.loc.gov/standards/marcxml/schema/MARC21slim.xsd"
    xmlns="http://www.loc.gov/MARC21/slim">

  <leader>04176nam a22004697a 4500</leader>
  <datafield tag="999" ind1=" " ind2=" ">
    <subfield code="c">6595</subfield>
    <subfield code="d">6595</subfield>
  </datafield>
  <controlfield tag="003">OSt</controlfield>
  <controlfield tag="005">20260311130918.0</controlfield>
  <controlfield tag="008">190228c        xxuf||p| |||| 00| 0 spa d</controlfield>
  <datafield tag="040" ind1=" " ind2=" ">
    <subfield code="c">PJ</subfield>
  </datafield>
  <datafield tag="245" ind1="1" ind2="0">
    <subfield code="a">Revista de derecho laboral :</subfield>
    <subfield code="b">la reforma laboral intentada por el DNU 70-2023 /</subfield>
    <subfield code="c">director Mario E. Ackerman.</subfield>
  </datafield>
  <datafield tag="260" ind1=" " ind2=" ">
    <subfield code="a">Santa F&#xE9; :</subfield>
    <subfield code="b">Rubinzal-Culzoni,</subfield>
    <subfield code="c">2024.</subfield>
  </datafield>
  <datafield tag="300" ind1=" " ind2=" ">
    <subfield code="a">685 p.</subfield>
    <subfield code="c">22 cm.</subfield>
  </datafield>
  <datafield tag="310" ind1=" " ind2=" ">
    <subfield code="a">semestral</subfield>
  </datafield>
  <datafield tag="362" ind1=" " ind2=" ">
    <subfield code="a">No. 1 (2024)</subfield>
  </datafield>
  <datafield tag="505" ind1=" " ind2=" ">
    <subfield code="t">Una reforma laboral imp&#xFA;dicamente perversa y viciada de nulidad insanable que lastima a la democracia y agrede a la libertad /</subfield>
    <subfield code="r"> Mario E. Ackerman.</subfield>
  </datafield>
  <datafield tag="505" ind1=" " ind2=" ">
    <subfield code="t">Breves apuntes sobre los decretos de necesidad y urgencia en general y el dnu 70/2023 en particular /</subfield>
    <subfield code="r">Alejandro Sudera.</subfield>
  </datafield>
  <datafield tag="505" ind1=" " ind2=" ">
    <subfield code="t">A t&#xED;tulo de introducci&#xF3;n, viaje a trav&#xE9;s de las modificaciones y derogaciones regresivas de derechos laborales y de la seguridad social impuestas por el dnu 70/2023 /</subfield>
    <subfield code="r">Carlos Mariano N&#xFA;&#xF1;ez.</subfield>
  </datafield>
  <datafield tag="505" ind1=" " ind2=" ">
    <subfield code="t">La registraci&#xF3;n del contrato de trabajo: el sistema legal luego de las reformas introducidas por el dnu 70/2023 /</subfield>
    <subfield code="r">Jorge El&#xED;as y Sebasti&#xE1;n Coppoletta.</subfield>
  </datafield>
  <datafield tag="505" ind1=" " ind2=" ">
    <subfield code="t">La jactancia de los intelectuales /</subfield>
    <subfield code="r">Liliana Rodr&#xED;guez Fern&#xE1;ndez.</subfield>
  </datafield>
  <datafield tag="505" ind1=" " ind2=" ">
    <subfield code="t">El art&#xED;culo 12 de la lct propuesto por el dnu 70/2023. un retroceso y varios desaciertos /</subfield>
    <subfield code="r"> Diego M. Tosca.</subfield>
  </datafield>
  <datafield tag="505" ind1=" " ind2=" ">
    <subfield code="t">La est&#xE9;ril modificaci&#xF3;n del art&#xED;culo 23 de la lct a trav&#xE9;s del manifiestamente inconstitucional dnu 70/2023 /</subfield>
    <subfield code="r">Diego M. Tosca.</subfield>
  </datafield>
  <datafield tag="505" ind1=" " ind2=" ">
    <subfield code="t">Los &#x201C;trabajadores colaboradores&#x201D;. una manifestaci&#xF3;n del renacimiento del derecho social como &#x201C;jerigonza jur&#xED;dica&#x201D; y de un indiscreto retorno al arrendamiento de servicios /</subfield>
    <subfield code="r">r Juan &#xC1;ngel ConfalonierI.</subfield>
  </datafield>
  <datafield tag="505" ind1=" " ind2=" ">
    <subfield code="t">El art&#xED;culo 29 de la lct conforme el art&#xED;culo 69 del dnu 70/2023. la convalidaci&#xF3;n legal del fraude. la modificaci&#xF3;n del art&#xED;culo 136 /</subfield>
    <subfield code="r">Diego M. Tosca.</subfield>
  </datafield>
  <datafield tag="505" ind1=" " ind2=" ">
    <subfield code="t">El &#x201C;trabajo&#x201D; de entregar &#x201C;el certificado&#x201D; y las consecuencias de su omisi&#xF3;n, seg&#xFA;n el dnu 70/2023 /</subfield>
    <subfield code="r"> Diego J. Tula.</subfield>
  </datafield>
  <datafield tag="505" ind1=" " ind2=" ">
    <subfield code="t">El art&#xED;culo 92 bis de la ley de contrato de trabajo &#x2013;seg&#xFA;n el dnu 70/2023 /</subfield>
    <subfield code="r"> Nahuel Andreu.</subfield>
  </datafield>
  <datafield tag="505" ind1=" " ind2=" ">
    <subfield code="t">La licencia &#x201C;por gestaci&#xF3;n&#x201D;. &#xBF;algo para rescatar del dnu 70/2023? /</subfield>
    <subfield code="r">Liliana Hebe Litterio .</subfield>
  </datafield>
  <datafield tag="505" ind1=" " ind2=" ">
    <subfield code="t">La pretendida modificaci&#xF3;n de la distribuci&#xF3;n del tiempo de trabajo-jornada y descansos y del art&#xED;culo 277 de la lct en el decreto 70/2023 /</subfield>
    <subfield code="r">Silvia E. Pinto Varela.</subfield>
  </datafield>
  <datafield tag="505" ind1=" " ind2=" ">
    <subfield code="t">El art&#xED;culo 245 de la lct seg&#xFA;n su reforma por el dnu 70/2023. la legalizaci&#xF3;n de lo pretoriano y ciertos agregados (in)necesarios o (in)convenientes /</subfield>
    <subfield code="r">Alejandro Sudera.</subfield>
  </datafield>
  <datafield tag="505" ind1=" " ind2=" ">
    <subfield code="t">El nuevo art&#xED;culo 245 bis de la lct . sobre c&#xF3;mo avanzar hacia el pasado /</subfield>
    <subfield code="r">Alejandro Sudera.</subfield>
  </datafield>
  <datafield tag="505" ind1=" " ind2=" ">
    <subfield code="t">El art&#xED;culo 255 de la ley de contrato de trabajo &#x2013;seg&#xFA;n el decreto de necesidad y urgencia 70/2023 /</subfield>
    <subfield code="r"> Nahuel Andreu.</subfield>
  </datafield>
  <datafield tag="505" ind1=" " ind2=" ">
    <subfield code="t">La adecuada recomposici&#xF3;n del cr&#xE9;dito adeudado a las personas que trabajan en un contexto de depreciaci&#xF3;n monetaria (&#x201C; y/o la actualizaci&#xF3;n y/o repotenciaci&#xF3;n y/o aplicaci&#xF3;n de intereses&#x201D;) seg&#xFA;n el dnu 70/2023 /</subfield>
    <subfield code="r">Diego J. Tula.</subfield>
  </datafield>
  <datafield tag="505" ind1=" " ind2=" ">
    <subfield code="t">Libertad sindical y dnu 70/2023: un evitable camino de regreso /</subfield>
    <subfield code="r">Pablo Arnaldo Topet.</subfield>
  </datafield>
  <datafield tag="505" ind1=" " ind2=" ">
    <subfield code="t">Comentarios a los art&#xED;culos 73 y 86 del dnu 70/2023: cuotas sindicales y ultraactividad de convenios colectivos en foco /</subfield>
    <subfield code="r"> Guillermo Gianibelli.</subfield>
  </datafield>
  <datafield tag="505" ind1=" " ind2=" ">
    <subfield code="t">Las modificaciones del dnu 70/2023 al r&#xE9;gimen legal del contrato de teletrabajo /</subfield>
    <subfield code="r"> Horacio R. Las Heras.</subfield>
  </datafield>
  <datafield tag="505" ind1=" " ind2=" ">
    <subfield code="t">La nueva regulaci&#xF3;n de la huelga en los servicios esenciales contenida en el dnu 70/2023 y sus incompatibilidades con la garant&#xED;a constitucional del derecho y la doctrina de los &#xF3;rganos de control /</subfield>
    <subfield code="r">H&#xE9;ctor O. Garc&#xED;a y Jos&#xE9; E. Tribuzio.</subfield>
  </datafield>
  <datafield tag="505" ind1=" " ind2=" ">
    <subfield code="t">Recopilaci&#xF3;n de sentencias referidas al dnu 70/2023 en materia laboral /</subfield>
    <subfield code="r"> Diego Guirado.</subfield>
  </datafield>
  <datafield tag="650" ind1=" " ind2="0">
    <subfield code="9">1316</subfield>
    <subfield code="a">DERECHO LABORAL</subfield>
  </datafield>
  <datafield tag="700" ind1=" " ind2=" ">
    <subfield code="9">1423</subfield>
    <subfield code="a">Ackermann, Mario Eduardo</subfield>
    <subfield code="e">director</subfield>
  </datafield>
  <datafield tag="856" ind1=" " ind2=" ">
    <subfield code="u">https://www.rubinzal.com.ar/revistas/revista-de-derecho-laboral/5/?home=1</subfield>
    <subfield code="y">Rubinzal Culzoni Editores</subfield>
  </datafield>
  <datafield tag="942" ind1=" " ind2=" ">
    <subfield code="2">udc</subfield>
    <subfield code="c">PP</subfield>
    <subfield code="h">347.1(05)</subfield>
    <subfield code="i">REV</subfield>
  </datafield>
  <datafield tag="952" ind1=" " ind2=" ">
    <subfield code="0">0</subfield>
    <subfield code="1">0</subfield>
    <subfield code="2">udc</subfield>
    <subfield code="4">0</subfield>
    <subfield code="7">0</subfield>
    <subfield code="a">DJS</subfield>
    <subfield code="b">DJS</subfield>
    <subfield code="d">2026-03-05</subfield>
    <subfield code="p">6736</subfield>
    <subfield code="r">2026-03-05</subfield>
    <subfield code="w">2026-03-05</subfield>
    <subfield code="y">PP</subfield>
  </datafield>
</record>
